Zwierzę, roślina czy minerał? - Statystyki

Ogólne statystyki
  • Ten quiz został rozwiązany 5 070 razy
    5 010 od ostatniego zresetowania
  • Średni wynik to 14 z 20
Statystyki odpowiedzi
Zagadnienie Odpowiedź % Poprawnych
Pancernik Zwierzę
99%
Bazalt Minerał
97%
Hiacynt Roślina
96%
Pigwa Roślina
96%
Antracyt Minerał
93%
Szarotka alpejska Roślina
89%
Trzykrotka Roślina
89%
Onyks Minerał
82%
Jaskier Roślina
82%
Aksolotl Zwierzę
82%
Naparstnica Roślina
71%
Muchołówka amerykańska Roślina
70%
Trąbik Zwierzę
69%
Łupek Minerał
68%
Koralowiec Zwierzę
66%
Pardwa Zwierzę
44%
Strzykwa Zwierzę
44%
Oryks Zwierzę
43%
Widelnice Zwierzę
32%
Alka Zwierzę
25%
Nie znaleziono quizów pasujących do podanych kryteriów
Rozkład punktacji
Procent ludzi z każdym wynikiem
Percentyl według liczby udzielonych odpowiedzi
Twoja historia wyników
Nie rozwiązałeś tego quizu od ostatniego zresetowania